000 00301nam a2200133Ia 4500
005 20251222144803.0
008 251222s9999||||xx |||||||||||||| ||spa||
020 _a84-278-0678-7
082 _a863.6/J53
100 _aJimenez, Juan Ramón
245 0 _aPlatero y Yo
264 _bNauta
942 _cLIB
999 _c19797
_d19797